Southville International School and Colleges
Your cart is empty.
  • Cart
  • Lists
    Public lists Eva Luna New books Lux_list list_1
    Your lists Log in to create your own lists
  • Log in to your account
  • Your cookies
  • Search history
Southville International School and Colleges
  • Advanced search
  • Recent comments
  • Most popular
  • Libraries

Log in to your account

Log in with GOOGLE


If you do not have an external account, but do have a local account, you can still log in:

  1. Home
  2. MARC view: Collins Spanish-English, English-Spanish dictionary = Collins diccionario español-inglés, inglés-español. /
Normal view MARC view ISBD view

Collins Spanish-English, English-Spanish dictionary = Collins diccionario español-inglés, inglés-español. / (Record no. 305975)

[ view plain ]
MARC details
000 -LEADER
fixed length control field 00731nam a2200229Ia 4500
008 - FIXED-LENGTH DATA ELEMENTS--GENERAL INFORMATION
fixed length control field 170203s9999 xx 000 0 und d
020 ## - INTERNATIONAL STANDARD BOOK NUMBER
International Standard Book Number 0 060733802
050 ## - LIBRARY OF CONGRESS CALL NUMBER
Classification number 413
050 ## - LIBRARY OF CONGRESS CALL NUMBER
Item number Sp735 2004
245 ## - TITLE STATEMENT
Title Collins Spanish-English, English-Spanish dictionary = Collins diccionario español-inglés, inglés-español. /
250 ## - EDITION STATEMENT
Edition statement 5th edition.
260 ## - PUBLICATION, DISTRIBUTION, ETC. (IMPRINT)
Place of publication, distribution, etc Glasgow ; New York :
260 ## - PUBLICATION, DISTRIBUTION, ETC. (IMPRINT)
Name of publisher, distributor, etc HarperResource.
260 ## - PUBLICATION, DISTRIBUTION, ETC. (IMPRINT)
Date of publication, distribution, etc 2004
300 ## - PHYSICAL DESCRIPTION
Extent xvii, 1289 pages ;
300 ## - PHYSICAL DESCRIPTION
Dimensions 24 cm.
650 ## - SUBJECT ADDED ENTRY--TOPICAL TERM
Topical term or geographic name as entry element English language--
650 ## - SUBJECT ADDED ENTRY--TOPICAL TERM
Topical term or geographic name as entry element Spanish language--
650 ## - SUBJECT ADDED ENTRY--TOPICAL TERM
General subdivision Dictionaries--English.
650 ## - SUBJECT ADDED ENTRY--TOPICAL TERM
General subdivision Dictionaries--Spanish.
700 ## - ADDED ENTRY--PERSONAL NAME
Personal name Collins diccionario español-inglés, inglés-español, Parallel Title.
Holdings
Withdrawn status Lost status Damaged status Home library Current library Shelving location Date acquired Total Checkouts Full call number Barcode Date last seen Price effective from Koha item type
      Stonyhurst Southville International School (Batangas) Stonyhurst Southville International School (Batangas)   02/03/2017   Ref. 413 .Sp735 2004 US- 2465 02/03/2017 02/03/2017 Books

Collins Spanish-English, English-Spanish dictionary = Collins diccionario español-inglés, inglés-español. /

APA

Collins diccionario español-inglés i. P. T., .Collins Spanish-English, English-Spanish dictionary = Collins diccionario español-inglés, inglés-español. Glasgow ; New York: .

Chicago

Collins diccionario español-inglés inglés-español Parallel Title, .Collins Spanish-English, English-Spanish dictionary = Collins diccionario español-inglés, inglés-español. Glasgow ; New York: .

Harvard

Collins diccionario español-inglés i. P. T., .Collins Spanish-English, English-Spanish dictionary = Collins diccionario español-inglés, inglés-español. Glasgow ; New York: .

MLA

Collins diccionario español-inglés inglés-español Parallel Title, .Glasgow ; New York: . .

  • Place hold
  • Print
  • Cite
  • Add to your cart (remove)
  • Save record
    BIBTEX Dublin Core MARCXML MARC (non-Unicode/MARC-8) MARC (Unicode/UTF-8) MARC (Unicode/UTF-8, Standard) MODS (XML) RIS
  • More searches
    Search for this title in:
    Other Libraries (WorldCat) Other Databases (Google Scholar) Online Stores (Bookfinder.com) Open Library (openlibrary.org)

Exporting to Dublin Core...

SOUTHVILLE LIBRARY

Southville International School and Colleges Library

1281 Tropical Ave. Cor. Luxembourg St., BF Homes International, Las Pinas City

Tel. No. 8256374 / 252358 Loc. 117/146

Powered by Koha